| 000 | 01025nam1a2200265 i 4500 | ||
|---|---|---|---|
| 001 | RU\NLR\BIBL_A\011639908 | ||
| 005 | 20240726233339.0 | ||
| 035 | _a(NLR Aleph) 011639908 | ||
| 090 |
_a11074214 _c11074214 |
||
| 100 | _a20180209g20179999um y0rusy50 ca | ||
| 101 | 0 | _arus | |
| 102 | _aRU | ||
| 105 | _a||||z|||||||| | ||
| 200 | 1 |
_aВолшебная книга _fМарсель Хужаев _g[иллюстрации автора] |
|
| 210 |
_aМосква _cРомм и сыновья _cРомм М.Н. _d2017 |
||
| 215 | _d20 | ||
| 686 | 0 | _aШ9(2)8 | |
| 700 | 1 |
_aХужаев _bМ. _gМарсель |
|
| 702 | 1 |
_aХужаев _bМ. _gМарсель _4440 |
|
| 852 |
_aNLR _j2018-3/2593 |
||
| 942 | _cBOOK | ||
| 980 | _aNBR | ||